| 000 | 00657nam a2200301Ia 4500 | ||
|---|---|---|---|
| 005 | 20260401122217.0 | ||
| 008 | 008 250103s9999 xx 000 0 eng d | ||
| 020 | _a8186706348 | ||
| 037 | _aTB | ||
| 040 | _aEDL | ||
| 040 | _beng | ||
| 040 | _cEDL | ||
| 041 | _2eng | ||
| 041 | _aeng | ||
| 084 | _a891.22 THA | ||
| 084 | _qEDL | ||
| 100 | _aThapar, Romila | ||
| 245 | 0 | _aSakuntala: Texts, Readings, Histories | |
| 245 | 0 | _cThapar, Romila | |
| 260 | _aNew Delhi | ||
| 260 | _bKali for Women | ||
| 260 | _c2000 | ||
| 300 | _a271p | ||
| 942 | _cTB | ||
| 942 | _h891.22 THA | ||
| 999 |
_c1845670 _d1845670 |
||